000 00844nam a22001815i 4500
001 162582
003 ES-MaACL
005 20230906212547.0
008 990429s1888 sp |||| | spa d
245 0 3 _aLa primera colonia escolar de Madrid (1887) /
_cMuseo Pedagógico de Instrucción Primaria.
260 _aMadrid :
_b[s.n.],
_c1888 (
_fEstab. Tip. de Fortanet)
300 _a75 p., [2] h. pleg. ;
_c23 cm.
530 _aDisponible en formato digital.
650 4 _aColonias escolares-
_zMadrid.
_9150840
710 2 _aMuseo de Instrucción Primaria (España)
_9172176
852 _aES-MaACL
_jT-1139-F-7
_z-- Enc. hol., conservando la cub. original
_z-- Enc. en un vol. facticio
856 _uhttps://bibliotecavirtualmadrid.comunidad.madrid/bvmadrid_publicacion/es/consulta/registro.do?id=242
_zBiblioteca Digital de la Comunidad de Madrid
999 _c162582
_d162582